000
00310nam a22001457a 4500
003
OSt
005
20160727222405.0
008
160623b xxu||||| |||| 00| 0 eng d
040
_c
TEST
100
_9
813
_a
Sunrise
245
_a
Cinderella
260
_a
D
_b
SUNRISE
_c
2000
300
_a
Cinderella
942
_2
ddc
_c
BK
999
_c
651
_d
651